| 000 | 01668nam a2200361 a 4500 | ||
|---|---|---|---|
| 999 |
_c174556 _d174556 |
||
| 003 | BLK | ||
| 005 | 20241009005440.0 | ||
| 008 | 180411b bul|||||r ||||||| ||bul|| | ||
| 010 | _aKNG00183045000 | ||
| 040 | _aBLK | ||
| 041 |
_aBUL _cBUL |
||
| 080 |
_aАвстрийска литература _b821.112(436) _x-31 _z821.112(436)-31 |
||
| 080 |
_aОткривателски пътешествия. Експедиции _b910.4 _x(092) _z910.4(092) |
||
| 080 |
_aПортугалски мореплавател _b929 Магелан, Фернандо _z929 Магелан, Фернандо |
||
| 100 | 1 |
_aЦвайг, Стефан _eпърви автор _9366443 |
|
| 139 |
_aЦвайг, Стефан _bЦ 29 |
||
| 245 | 1 | 0 |
_aМагелан _bБиогр. роман _cСтефан Цвайг; прев. от нем. Асен Разцветников. |
| 250 | _a3. изд. | ||
| 257 | _aAUT | ||
| 260 |
_aСофия _bНаука и изкуство _c1966 _fВарна : ДПК Стефан Добрев - Странджата |
||
| 300 |
_a220 с., 1 л. _bпортр., к. _c25 см |
||
| 380 | _aX | ||
| 490 |
_aБиблиотека Портрети _9202678 |
||
| 500 | _a1. изд. 1939.- Авт. не е даден на кор | ||
| 600 | 1 | 4 |
_aМагелан, Фернандо де _9223680 |
| 700 | 1 |
_aРазцветников, Асен _d1897 - 1951 _qКоларов, Асен Петков _eпрев. от нем. _gКоларов, Асен Петков _9114515 |
|
| 852 |
_aЦб 40210 _bЦб |
||
| 856 | 4 | _qpdf | |
| 856 | 4 | _qpdf | |
| 942 |
_cKNG _n0 _s1 |
||
| 944 |
_aCR _c01.10.2015 _k _lCRON CRON |
||
| 944 |
_aED _c26.09.2017 _kВася_Ганчева |
||